000 00931nam a2200205 i 4500
001 bg
100 1 _aMROCZKOWSKI, Jerzy
245 1 0 _aZastosowanie metod geometrii wykreślnej w szczególnej teorii względności /
_cJerzy Mroczkowski.
260 _aWrocław :
_bWydawnictwo Politechniki Wrocławskiej,
_c1986.
490 1 _aPrace Naukowe Instytutu Architektury i Urbanistyki Politechniki Wrocławskiej. Monografie =
_aScientific Papers of the Institute of Architecture and Town Planning of the Technical University of Wrocław. Monographs,
_x0324-9905 ;
_v12
500 _aNumeracja ser. gł. : 20.
650 9 _aGeometria wykreślna
_xstosowanie
650 9 _aTeoria względności
830 0 _aPrace Naukowe Instytutu Architektury i Urbanistyki Politechniki Wrocławskiej.
_pMonografie ;
_v12
040 _cBPK
041 0 _apol
_beng
080 _a530.12:514.18
942 _cKS
008 s pl f |000 0 pol
999 _c10615
_d10615
856 _uhttp://koha.tu.koszalin.pl/cgi-bin/koha/opac-detail.pl?biblionumber=10615
_yKatalog online BPK